Statistical methods for business and economics (3rd Ed.) (Record no. 76772)

MARC details
000 -LEADER
fixed length control field 00656nam a2200157 a 4500
008 - FIXED-LENGTH DATA ELEMENTS--GENERAL INFORMATION
fixed length control field 120416s1987 ||||||||||||||||| || u
050 ## - LIBRARY OF CONGRESS CALL NUMBER
Classification number QA 276.12 Pfa
100 ## - MAIN ENTRY--PERSONAL NAME
Personal name Pfaffenberger, Roger C
245 10 - TITLE STATEMENT
Title Statistical methods for business and economics (3rd Ed.)
250 ## - EDITION STATEMENT
Edition statement 3rd. ed.
260 ## - PUBLICATION, DISTRIBUTION, ETC.
Place of publication, distribution, etc. Homewood
Name of publisher, distributor, etc. Irwin
Date of publication, distribution, etc. 1987
300 ## - PHYSICAL DESCRIPTION
Extent xiv, 1246p. : ill.
350 ## -
-- 0.00
995 ## -
-- SHORT LOAN BOOKS
-- 0.00
-- 724907
-- CBU-MAIN LIBRARY (Kitwe)
-- 2
-- 29.95
-- QA 276.12 Pfa
-- 2
-- AVAILABLE
-- 011431
-- Short Loan Collection
995 ## -
-- BINDERY (DAMAGED)
-- 0.00
-- 724908
-- CBU-MAIN LIBRARY (Kitwe)
-- 1
-- 29.95
-- QA 276.12 Pfa
-- 1
-- AVAILABLE
-- 020431
-- Short Loan Collection
999 ## -
-- 76772
-- 76772
Holdings
Withdrawn status Lost status Source of classification or shelving scheme Damaged status Not for loan Permanent Location Current Location Shelving location Date acquired Total Checkouts Full call number Barcode Date last seen Copy number Price effective from Koha item type
          CBU-MAIN LIBRARY, KITWE. CBU-MAIN LIBRARY, KITWE.   04/25/2023   QA 276.12 Pfa 011431 04/25/2023 1 04/25/2023 SHORT LOAN COLLECTION
          CBU-MAIN LIBRARY, KITWE. CBU-MAIN LIBRARY, KITWE.   04/25/2023   QA 276.12 Pfa 020431 04/25/2023 2 04/25/2023 SHORT LOAN COLLECTION